| 000 | 01353nam a2200277Ia 4500 | ||
|---|---|---|---|
| 999 |
_c53010 _d53010 |
||
| 001 | 20041 | ||
| 003 | GE_BSU | ||
| 005 | 20200604223541.0 | ||
| 008 | 181216s2002||||ge |||||||||||||| ||geo|| | ||
| 020 | _aISBN 99928-52-78-X | ||
| 040 | _cGE_BSU | ||
| 041 | _ageo | ||
| 080 | _a811.353.1'35(075.8) ა-92 | ||
| 100 |
_aაფრიდონიძე, შუქია _91198 |
||
| 245 |
_aჩვენი ენა ქართული : _bდამხმ. სახელმძღვ. / _cშუქია აფრიდონიძე ; რედ. : გუჩა კვარაცხელია, ვიოლა კალანდაძე ; წინასიტყვაობა ავტორისა. |
||
| 264 |
_aთბილისი : _bბაკურ სულაკაურის გამ-ბა, _c2002. |
||
| 300 |
_a167გვ. ; _c19 სმ |
||
| 300 | _eბიბლიოგრ.: გვ. 165 | ||
| 504 | _aბიბლიოგრაფია გვ. 165 | ||
| 541 | _h4ლ. | ||
| 653 | _aქართული ენა | ||
| 653 | _aქართული ენის ორთოგრაფია | ||
| 700 |
_a კვარაცხელია, გუჩა _eრედაქტორი _98301 |
||
| 700 |
_a კალანდაძე, ვიოლა _eრედაქტორი _98302 |
||
| 942 |
_cBK _2udc |
||